000 00594nam a22002057a 4500
999 _c3903
_d234407
020 _a9789871397181
080 _a342.72/ 73 T 52
100 _aTiscornia, Sofìa
245 _aActivismo de los Derechos Humanos y Burocracias estatales
_bel Caso Walter Bulacio
260 _aBuenos Aires
_bdel Puerto
_c2008
300 _a309 P.
490 _aAntropologìa jurìdica y Derechos Humanos
650 _xcaso Walter Bulacio
650 _xderechos humanos
650 _xPoder de policìa
650 _xsumario
650 _xviolencia institucional
942 _6_
945 _acd
_d2015-05-19